Who's who in Saudi Arabia 2015.
| Format: | Book |
|---|---|
| Published: |
Sydney, Australia ::
Asia Pacific Infoserv,
2015.
|
| Edition: | 10th ed.. |
| Subjects: |
| LEADER | 00440cam a2200145 7i4500 | ||
|---|---|---|---|
| 001 | 0000032863 | ||
| 005 | 20151209090000.0 | ||
| 090 | 0 | 0 | |a SAUD 953.80 |b WHO |
| 245 | 0 | 0 | |a Who's who in Saudi Arabia 2015. |
| 250 | 0 | 0 | |a 10th ed.. |
| 260 | 0 | 0 | |a Sydney, Australia :: |b Asia Pacific Infoserv, |c 2015. |
| 300 | # | # | |a 360 p.;; |c 30 cm. |
| 650 | 1 | 0 | |a Saudi ArabiavBiography |
| 651 | 0 | 0 | |a Saudi Arabia |
| 999 | |a B000036871 |b Directories |c Countries |e Business Information Centre | ||